| 000 | 00000nam 2200000zi 4500 |
| 001 | 9.892922 |
| 003 | CaOODSP |
| 005 | 20230531131537 |
| 006 | m o d f |
| 007 | cr |n||||||||| |
| 008 | 201028e199102##onc oab f000 0|eng d |
| 040 | |aCaOODSP|beng|erda|cCaOODSP |
| 043 | |an-cn--- |
| 086 | 1 |aC23-184/1991E-PDF |
| 245 | 02|aA description and analysis of business diagnostic tools : |ba report for the Services to Business Branch of Industry, Science and Technology Canada / |cErnst & Young management consultants. |
| 264 | 1|a[Ottawa] : |bServices to Business Branch, Industry, Science and Technology Canada, |cFebruary 1991. |
| 300 | |a1 online resource (15, 81 pages, 6 unumbered pages) |
| 336 | |atext|btxt|2rdacontent |
| 337 | |acomputer|bc|2rdamedia |
| 338 | |aonline resource|bcr|2rdacarrier |
| 500 | |aDigitized edition from print [produced by Innovation, Science and Economic Development Canada]. |
| 500 | |aIssued also in French under title: Description et analyse des instruments diagnostiques à l'usage des entreprises : rapport à la Direction générale des services à l'entreprise, Industrie, science et technologie Canada. |
| 504 | |aIncludes bibliographical references. |
| 650 | 0|aBusiness|vAbstracts. |
| 650 | 0|aBusiness enterprises|vAbstracts. |
| 655 | 7|aAbstracts|2lcgft |
| 710 | 1 |aCanada. |bIndustry, Science and Technology Canada, |eissuing body. |
| 710 | 2 |aErnst & Young, |econsultant. |
| 775 | 08|tDescription et analyse des instruments diagnostiques à l'usage des entreprises : |w(CaOODSP)9.922195 |
| 856 | 40|qPDF|s1.68 MB|uhttps://publications.gc.ca/collections/collection_2023/isde-ised/c23/C23-184-1991-eng.pdf |